000 00737nam a2200253 a 4500
001 000003480
003 DO-SdBNP
005 20240530073910.0
007 ta
008 090709s2008 dr r 000 f spa d
020 _a9789945161847
040 _aDO-SdBNP
_bspa
_cBNPHU
082 4 _aRD863.44
_bJ58e, 2008
_222
100 1 _aJesús Ulerio, Luis Felipe de,
_d1970-
_91334
245 1 3 _aEl enigma de la cabaña /
_cLuis Felipe de Jesús Ulerio.
250 _a2a ed.
260 _aSanto Domingo :
_bBúho,
_c2008.
300 _a137 p. ;
_c23 cm.
590 _aInventariado, 2019/BT
650 0 _aNovela dominicana
_9223
650 0 _aLiteratura dominicana.
_967
910 _aValidado. Control de calidad. MMOLINA
942 _2ddc
_cLBS1
999 _c3309
_d3309